El defensor de la religión que se público en Guadalajara, capital del estado de Jalisco, para impugnar los errores de los últimos...

Detalles Bibliográficos
Formato: Libro
Publicado: Guadalajara 1830
Materias:
Colección:Banco de datos
Acervo:Biblioteca del Ex Convento de Nuestra Señora de Guadalupe. Zacatecas
Descripción Física:t. I
Tema general:Apologética
Notas:Buena. IX,4,9(2519). Sin marca de fuego
LEADER 00765nam a22001930004500
035 |a 41673 
036 |a 2857 
245 1 0 |a El defensor de la religión que se público en Guadalajara, capital del estado de Jalisco, para impugnar los errores de los últimos... 
260 |a Guadalajara  |b imp. José de Osorio Santos  |c 1830 
300 |a t. I 
500 |a Buena. IX,4,9(2519). Sin marca de fuego 
650 1 0 |a Apologética 
949 |a CRZ-CG 
959 |a Ex convento de Nuestra Señora de Guadalupe, Museo Regional de Zacatecas, Zacatecas  |b CCC4 
960 |a Convento de Nuestra Señora de Guadalupe, Zacatecas  |b DD87 
961 |a Franciscana  |b OF 
942 |c CRZ-CG 
943 |g Biblioteca del Ex Convento de Nuestra Señora de Guadalupe. Zacatecas 
999 |c 965800  |d 965800